Budovanie rozvinutej socialistickej spoločnosti niektoré teoreticko-metodologické otázky

Guardado en:
Detalles Bibliográficos
Autor principal: Machová, Mária
Autor Corporativo: Vysoká škola ekonomická v Bratislave. Národohospodárska fakulta
Otros Autores: Rapoš, Pavol
Formato: Libro
Lenguaje:eslovaco
Publicado: Bratislava 1983
Etiquetas: Agregar Etiqueta
Sin Etiquetas, Sea el primero en etiquetar este registro!

MARC

LEADER 00000nam a2200000 4500
001 c026354
005 20221220084819.3
041 0 |a slo 
044 |a SK 
245 1 0 |a Budovanie rozvinutej socialistickej spoločnosti  |b niektoré teoreticko-metodologické otázky  |c Mária Machová ; vedúci práce Pavol Rapoš 
264 1 |a Bratislava  |c 1983 
300 |a 195 s. 
100 1 |a Machová, Mária 
700 1 |a Rapoš, Pavol 
710 2 |a Vysoká škola ekonomická v Bratislave. Národohospodárska fakulta